Quiz wpisz jak najwięcej liczb - Statystyki

Ogólne statystyki
  • Ten quiz został rozwiązany 581 razy
  • Średni wynik to 20 z 30
Statystyki odpowiedzi
:/ 1-30 % Poprawnych
:/ 1
100%
:/ 2
98%
:/ 3
96%
:/ 4
96%
:/ 5
96%
:/ 6
95%
:/ 7
94%
:/ 8
94%
:/ 9
93%
:/ 10
84%
:/ 11
81%
:/ 12
80%
:/ 13
80%
:/ 14
78%
:/ 15
75%
:/ 16
72%
:/ 17
69%
:/ 18
66%
:/ 19
60%
:/ 21
52%
:/ 20
51%
:/ 22
47%
:/ 23
47%
:/ 24
39%
:/ 25
35%
:/ 27
33%
:/ 26
32%
:/ 28
30%
:/ 29
26%
:/ 30
19%
Nie znaleziono quizów pasujących do podanych kryteriów
Rozkład punktacji
Procent ludzi z każdym wynikiem
Percentyl według liczby udzielonych odpowiedzi
Twoja historia wyników
Nie rozwiązałeś tego quizu